Indigenous IPV advocates' advice when working with indigenous survivors: experience and culture play an important role

Purpose: Little has been studied about the ways that advocates of intimate partner violence (IPV) use their personal advocacy experience and cultural knowledge in their advocacy work, particularly in the case of Indigenous IPV advocates who work with Indigenous survivors. The purpose of this study i...

Ausführliche Beschreibung

Gespeichert in:  
Bibliographische Detailangaben
1. VerfasserIn: Holder, Melissa (Verfasst von)
Medienart: Elektronisch Aufsatz
Sprache:Englisch
Veröffentlicht: 2025
In: Journal of family violence
Jahr: 2025, Band: 40, Heft: 3, Seiten: 451-462
Online-Zugang: Volltext (lizenzpflichtig)
Volltext (lizenzpflichtig)
Verfügbarkeit prüfen: HBZ Gateway
Schlagwörter:

MARC

LEADER 00000naa a22000002c 4500
001 1941251102
003 DE-627
005 20251114082233.0
007 cr uuu---uuuuu
008 251114s2025 xx |||||o 00| ||eng c
024 7 |a 10.1007/s10896-023-00604-9  |2 doi 
035 |a (DE-627)1941251102 
035 |a (DE-599)KXP1941251102 
040 |a DE-627  |b ger  |c DE-627  |e rda 
041 |a eng 
084 |a 2,1  |2 ssgn 
100 1 |a Holder, Melissa  |e VerfasserIn  |0 (orcid)0000-0002-8345-2971  |4 aut 
245 1 0 |a Indigenous IPV advocates' advice when working with indigenous survivors  |b experience and culture play an important role  |c Melissa Holder 
264 1 |c 2025 
336 |a Text  |b txt  |2 rdacontent 
337 |a Computermedien  |b c  |2 rdamedia 
338 |a Online-Ressource  |b cr  |2 rdacarrier 
500 |a Literaturverzeichnis: Seite 461-462 
520 |a Purpose: Little has been studied about the ways that advocates of intimate partner violence (IPV) use their personal advocacy experience and cultural knowledge in their advocacy work, particularly in the case of Indigenous IPV advocates who work with Indigenous survivors. The purpose of this study is to share the lived experiences of advocates to identify successful ways they work with Indigenous clients experiencing IPV and how they promote resiliency. Method: Data were derived from qualitative interviews with 15 Indigenous women who are advocates1 who work with Indigenous women experiencing IPV. The participants were asked to provide suggestions or recommendations to other advocates working with Indigenous women who have experienced IPV to promote resiliency. Advocates were recruited through tribal social service organizations using a purposive sampling technique. Data were analyzed through a naturalistic inquiry approach informed by empowerment-based principle. Result: The participants shared their personal advocacy experiences of working with Indigenous women as a way to help others be better advocates for Indigenous IPV survivors. Their experiences offered two broad themes, shared experience and humility, which fall into subthemes: shared historical experience, honoring spirituality and religion, balance, and vulnerability. Conclusion: As a result of the experiences of the participant-advocates, recommendations for advocates to use trauma-informed practices, particularly acknowledging historical trauma, and to use culturally prepared approaches. Practitioners and educational programs can adopt these practices to foster resiliency with Indigenous women experiencing IPV. 
650 4 |a Cultural knowledge 
650 4 |a IPV Advocates 
650 4 |a Indigenous Advocates 
650 4 |a Indigenous women 
773 0 8 |i Enthalten in  |t Journal of family violence  |d Getzville, NY : HeinOnline, 1986  |g 40(2025), 3, Seite 451-462  |h Online-Ressource  |w (DE-627)320574547  |w (DE-600)2016884-6  |w (DE-576)121465950  |x 1573-2851  |7 nnas 
773 1 8 |g volume:40  |g year:2025  |g number:3  |g pages:451-462 
856 4 0 |u https://doi.org/10.1007/s10896-023-00604-9  |x Resolving-System  |z lizenzpflichtig  |3 Volltext  |7 1 
856 4 0 |u https://link.springer.com/article/10.1007/s10896-023-00604-9  |x Verlag  |z lizenzpflichtig  |3 Volltext  |7 1 
951 |a AR 
ELC |a 1 
LOK |0 000 xxxxxcx a22 zn 4500 
LOK |0 001 4805983604 
LOK |0 003 DE-627 
LOK |0 004 1941251102 
LOK |0 005 20251114081601 
LOK |0 008 251114||||||||||||||||ger||||||| 
LOK |0 040   |a DE-2619  |c DE-627  |d DE-2619 
LOK |0 092   |o n 
LOK |0 852   |a DE-2619 
LOK |0 852 1  |9 00 
LOK |0 935   |a krzo 
LOK |0 939   |a 14-11-25  |b l01 
ORI |a SA-MARC-krimdoka001.raw